Normal view
MARC view
Entry Personal Name
001 - CONTROL NUMBER
- control field: 35654
003 - CONTROL NUMBER IDENTIFIER
- control field: ARRUPE
005 - DATE AND TIME OF LATEST TRANSACTION
- control field: 20170905110905.0
008 - FIXED-LENGTH DATA ELEMENTS
- fixed length control field: 170905|| aca||aabn | a|a d
040 ## - CATALOGING SOURCE
- Original cataloging agency: ARRUPE
- Transcribing agency: ARRUPE
100 ## - HEADING--PERSONAL NAME
- Personal name: Handelman, Don.
670 ## - SOURCE DATA FOUND
- Source citation: Work cat.: (ARRUPE)0: Handelman, Don., Models and mirrors :, 1998.